Jean-Paul Sartre: actualidad de un pensamiento
Guardat en:
| Autor principal: | |
|---|---|
| Format: | Llibre |
| Idioma: | espanyol |
| Publicat: |
Buenos Aires
Ediciones Colihue
2006
|
| Matèries: | |
| Etiquetes: |
Afegir etiqueta
Sense etiquetes, Sigues el primer a etiquetar aquest registre!
|
MARC
| LEADER | 00000cam a2200000 a 4500 | ||
|---|---|---|---|
| 001 | UCF2896 | ||
| 003 | CL-VaPUC | ||
| 008 | 120910e20060000AG |||||||||||||||||spa|d | ||
| 020 | |a 9505819803 | ||
| 082 | 0 | 4 | |a 194 |b VED |2 21 |
| 100 | 0 | |a Védrine, Helene |e author |9 564727 | |
| 245 | 1 | 0 | |a Jean-Paul Sartre: actualidad de un pensamiento |
| 300 | |a 224 p | ||
| 942 | |c BK | ||
| 945 | |d 20120910 00:00:00 |a dcastane | ||
| 260 | |a Buenos Aires |b Ediciones Colihue |c 2006 | ||
| 650 | 0 | |a Filosofía francesa |9 255698 | |
| 583 | |a last modification |c 20120910 11:39:00 |k Rodrigo Vera | ||
| 999 | |c 349434 |d 349432 | ||
| 952 | |0 0 |1 0 |4 0 |6 194_000000000000000_VED_2006 |7 0 |8 A |9 452049 |a BIBEDU |b BIBEDU |d 2019-11-22 |i 4902157 |o 194 VED 2006 |p 4902157 |r 2019-11-22 |w 2019-11-22 |y BK |k FIL | ||